| 000 | 01245nam a22002897a 4500 | ||
|---|---|---|---|
| 003 | OSt | ||
| 005 | 20250904150329.0 | ||
| 008 | 240423b ||||| |||| 00| 0 eng d | ||
| 040 | _c0 | ||
| 082 | _aDPer 621.317 Ie21 November 2022 v. 37 n. 11 | ||
| 100 |
_aZhang, Peng. _eauthor. _956546 |
||
| 245 |
_aA carrier-based discontinuous PWM scheme with optimal PWM sequences for a five-level flying capacitor rectifier / _cPeng Zhang, Xuezhi Wu, Jing Wang, Wenzheng Xu, Jingdou Liu, Jingjing Qi, and Anna Yang. |
||
| 260 |
_aNew York ; _bThe Institute of Electrical and Electronics Engineers, Inc. , _cNovember 2022. |
||
| 300 |
_aVolume 37,pages 13178-13191 : _billustration ; _c28 cm. |
||
| 500 | _aIEEE Transactions on Power Electronics, vol. 37, no. 11, pages 13178-13191, November 2022. | ||
| 650 | 0 |
_aPulse width modulation. _966000 |
|
| 650 | 0 |
_aVoltage control. _965950 |
|
| 650 | 0 |
_aSwitching loss. _965714 |
|
| 700 |
_aZhang, Peng. _eauthor. _956546 |
||
| 700 |
_aWu, Xuezhi. _eauthor. _956547 |
||
| 700 |
_aWang, Jing. _eauthor. _956548 |
||
| 700 |
_aXu, Wenzheng. _eauthor. _956549 |
||
| 700 |
_aLiu, Jingdou. _eauthor. _956550 |
||
| 700 |
_aQi, Jingjing. _eauthor. _956551 |
||
| 700 |
_aYang, Anna. _eauthor. _956552 |
||
| 942 |
_2ddc _cPER |
||
| 999 |
_c20133 _d20133 |
||